Every City and CDP in Whatcom County - Statistics

General Stats
  • This quiz has been taken 12 times
  • The average score is 11 of 19
Answer Stats
Population Type Answer % Correct
93,744 City Bellingham
100%
6,125 City Blaine
100%
16,164 City Ferndale
100%
16,505 City Lynden
100%
3,106 City Everson
92%
1,665 City Sumas
92%
1,689 City Nooksack
83%
239 CDP Deming
67%
1,210 CDP Point Roberts
67%
108 CDP Acme
50%
10,062 CDP Birch Bay
50%
412 CDP Custer
50%
7,251 CDP Sudden Valley
42%
188 CDP Glacier
33%
239 CDP Maple Falls
25%
2,437 CDP Geneva
17%
930 CDP Kendall
17%
3,702 CDP Marietta-Alderwood
17%
3,234 CDP Peaceful Valley
17%
No matching quizzes found
Score Distribution
Percent of People with Each Score
Percentile by Number Answered
Your Score History
You have not taken this quiz